<?xml version="1.0" encoding="UTF-8"?>
<record
    xmlns:xsi="http://www.w3.org/2001/XMLSchema-instance"
    xsi:schemaLocation="http://www.loc.gov/MARC21/slim http://www.loc.gov/standards/marcxml/schema/MARC21slim.xsd"
    xmlns="http://www.loc.gov/MARC21/slim">

  <leader>00985nam a2200253 a 4500</leader>
  <controlfield tag="001">55068</controlfield>
  <controlfield tag="003">BD-RjUL</controlfield>
  <controlfield tag="005">20211209080218.0</controlfield>
  <controlfield tag="008">161114s1981    bg ||||| |||| 00| 0 ben d</controlfield>
  <datafield tag="020" ind1=" " ind2=" ">
    <subfield code="c">: TK 60.00 </subfield>
  </datafield>
  <datafield tag="035" ind1=" " ind2=" ">
    <subfield code="a">(BD-RjUL)55190</subfield>
  </datafield>
  <datafield tag="040" ind1=" " ind2=" ">
    <subfield code="a">BD-RjUL</subfield>
    <subfield code="b">ben</subfield>
    <subfield code="c">BD-RjUL</subfield>
  </datafield>
  <datafield tag="041" ind1=" " ind2=" ">
    <subfield code="a">ben</subfield>
  </datafield>
  <datafield tag="082" ind1=" " ind2=" ">
    <subfield code="2">23 </subfield>
    <subfield code="a">901 </subfield>
    <subfield code="b">KHA 1981</subfield>
  </datafield>
  <datafield tag="100" ind1=" " ind2=" ">
    <subfield code="a">&#x996;&#x9BE;&#x9B2;&#x9A6;&#x9C1;&#x9A8;, &#x987;&#x9AC;&#x9A8;&#x9C7; </subfield>
    <subfield code="9">123048</subfield>
  </datafield>
  <datafield tag="245" ind1="1" ind2="0">
    <subfield code="a">&#x986;&#x9B2;-&#x9AE;&#x9C1;&#x995;&#x9BE;&#x9A6;&#x9CD;&#x9A6;&#x9BF;&#x9AE;&#x9BE; / </subfield>
    <subfield code="c">&#x987;&#x9AC;&#x9A8;&#x9C7; &#x996;&#x9BE;&#x9B2;&#x9A6;&#x9C1;&#x9A8;, &#x997;&#x9CB;&#x9B2;&#x9BE;&#x9AE; &#x9B8;&#x9BE;&#x9AE;&#x9A6;&#x9BE;&#x9A8;&#x9CB; &#x995;&#x9B0;&#x9BE;&#x9AF;&#x9BC;&#x9BE;&#x9B6;&#x9C0; &#x985;&#x9A8;&#x9C2;&#x9A6;&#x9BF;&#x9A4;</subfield>
  </datafield>
  <datafield tag="260" ind1=" " ind2=" ">
    <subfield code="a">&#x9A2;&#x9BE;&#x995;&#x9BE; :</subfield>
    <subfield code="b">&#x9AC;&#x9BE;&#x982;&#x9B2;&#x9BE; &#x98F;&#x995;&#x9BE;&#x9A1;&#x9C7;&#x9AE;&#x9C0;, </subfield>
    <subfield code="c">&#x9E7;&#x9EF;&#x9EE;&#x9E7;</subfield>
  </datafield>
  <datafield tag="300" ind1=" " ind2=" ">
    <subfield code="a">&#x996;&#x9A8;&#x9CD;&#x9A1;. ; </subfield>
    <subfield code="c">&#x9E8;&#x9E7; &#x9B8;&#x9C7;&#x9AE;&#x9BF; . </subfield>
  </datafield>
  <datafield tag="505" ind1=" " ind2=" ">
    <subfield code="a">&#x996;&#x9A8;&#x9CD;&#x9A1;. &#x9E8;. -- </subfield>
  </datafield>
  <datafield tag="650" ind1=" " ind2=" ">
    <subfield code="a">&#x9A6;&#x9B0;&#x9CD;&#x9B6;&#x9A8;&#x9C7;&#x9B0; &#x9A4;&#x9A4;&#x9CD;&#x9A4;&#x9CD;&#x9AC;</subfield>
    <subfield code="9">162306</subfield>
  </datafield>
  <datafield tag="650" ind1=" " ind2=" ">
    <subfield code="a">Theory of Philosophy </subfield>
    <subfield code="9">162306</subfield>
  </datafield>
  <datafield tag="700" ind1=" " ind2=" ">
    <subfield code="a">&#x995;&#x9B0;&#x9BE;&#x9AF;&#x9BC;&#x9BE;&#x9B6;&#x9C0;, &#x997;&#x9CB;&#x9B2;&#x9BE;&#x9AE; &#x9B8;&#x9BE;&#x9AE;&#x9A6;&#x9BE;&#x9A8;&#x9CB; </subfield>
    <subfield code="9">162311</subfield>
    <subfield code="q">&#x985;&#x9A8;&#x9C2;&#x9A6;&#x9BF;&#x9A4;</subfield>
  </datafield>
  <datafield tag="942" ind1=" " ind2=" ">
    <subfield code="2">ddc</subfield>
    <subfield code="c">BK</subfield>
  </datafield>
  <datafield tag="999" ind1=" " ind2=" ">
    <subfield code="c">55068</subfield>
    <subfield code="d">55068</subfield>
  </datafield>
  <datafield tag="952" ind1=" " ind2=" ">
    <subfield code="0">0</subfield>
    <subfield code="1">0</subfield>
    <subfield code="2">ddc</subfield>
    <subfield code="4">0</subfield>
    <subfield code="7">0</subfield>
    <subfield code="8">NFIC</subfield>
    <subfield code="a">RUCL</subfield>
    <subfield code="b">RUCL</subfield>
    <subfield code="c">Stack</subfield>
    <subfield code="d">1982-06-18</subfield>
    <subfield code="e">Alighor library, Rajshahi.</subfield>
    <subfield code="g">60.00</subfield>
    <subfield code="l">1</subfield>
    <subfield code="o">B 901 KHA V-2 1981</subfield>
    <subfield code="r">2019-03-06 00:00:00</subfield>
    <subfield code="s">2019-02-26</subfield>
    <subfield code="t">C-2</subfield>
    <subfield code="w">2016-11-14</subfield>
    <subfield code="y">BK</subfield>
  </datafield>
  <datafield tag="952" ind1=" " ind2=" ">
    <subfield code="0">0</subfield>
    <subfield code="1">0</subfield>
    <subfield code="2">ddc</subfield>
    <subfield code="4">0</subfield>
    <subfield code="7">0</subfield>
    <subfield code="8">NFIC</subfield>
    <subfield code="a">RUCL</subfield>
    <subfield code="b">RUCL</subfield>
    <subfield code="c">Stack</subfield>
    <subfield code="d">1982-06-18</subfield>
    <subfield code="e">Aligarh library, Rajshahi</subfield>
    <subfield code="g">60.00</subfield>
    <subfield code="l">0</subfield>
    <subfield code="o">B 901 KHA V-2 1981</subfield>
    <subfield code="r">2016-11-21 00:00:00</subfield>
    <subfield code="t">C-3</subfield>
    <subfield code="w">2021-12-09</subfield>
    <subfield code="y">BK</subfield>
  </datafield>
</record>
